000 01056nam a2200301 a 4500
001 36945
003 BD-RjUL
005 20211209052548.0
008 140924s2002 nyua f b 000 0 eng d
020 _a0071382178
035 _a(BD-RjUL)37047
040 _aWQM
_cWQM
_dNNC-M
_dOrLoB-B
_dBD-RjUL
_beng
041 _aeng
082 _a 616.01
_bLEM 2002
100 1 _aLevinson, Warren.
_9112861
245 1 0 _aMedical microbiology & immunology :
_bexamination & board review /
_cWarren Levinson, Ernest Jawetz.
246 3 3 _aMedical microbiology and immunology : examination and board review
250 _a7th ed.
260 _aNew York :
_bLange Medical Books,
_cc2002.
300 _aix, 614 p. :
_bill. ;
_c24 cm.
500 _aPrevious ed.: Stamford, Conn.: Appleton & Lange, 2000.
650 0 _aMedical microbiology.
_9112862
650 0 _aImmunology.
_9112863
650 2 _aMicrobiology
_vExamination Questions
_9112864
650 2 _aAllergy and Immunology
_vExamination Questions
_9112865
700 1 _aJawetz, Ernest.
_9112866
942 _2ddc
_cBK
999 _c36945
_d36945